|
|
|
|
| LEADER |
00000nab a2200000 a 4500 |
| 001 |
vtls010549214 |
| 003 |
SK-MaSNL |
| 005 |
20260304232220.0 |
| 008 |
131009 2013 xo m p 000 0 cze |
| 015 |
|
|
|a SNBRB2013/09
|2 lmaosk
|
| 040 |
|
|
|a LMAOSK
|b slo
|c LMAOSK
|e AACR2
|
| 041 |
0 |
|
|a cze
|
| 044 |
|
|
|a xo
|c SK
|
| 080 |
|
|
|a 623.441/.443
|2 2001
|
| 080 |
|
|
|a 623.44
|2 2001
|
| 080 |
|
|
|a 799.3
|2 2001
|
| 080 |
|
|
|a (046)
|2 2001
|
| 080 |
|
|
|a 623.442
|2 2001
|
| 100 |
1 |
|
|a Knotek, Jiří
|4 aut
|9 604284
|
| 245 |
1 |
0 |
|a Bratři z jedné líhně
|c Jiří Knotek ; foto Martin Jansa
|
| 300 |
|
|
|b Fotogr.
|
| 500 |
|
|
|a Obsahuje technické údaje.
|
| 650 |
0 |
7 |
|a Sobol (opakovacia puška)
|2 LMAOSK
|9 1566639
|
| 650 |
0 |
7 |
|a Korshun (samonabíjacia puška)
|2 LMAOSK
|9 1566640
|
| 650 |
0 |
7 |
|a strelné zbrane
|2 SNKPH
|9 68540
|
| 650 |
0 |
7 |
|a ručné palné zbrane
|2 SNKPH
|9 28981
|
| 650 |
0 |
7 |
|a pušky
|2 SNKPH
|9 13773
|
| 650 |
0 |
7 |
|a opakovacie pušky
|2 LMAOSK
|9 1086660
|
| 650 |
0 |
7 |
|a samonabíjacie pušky
|2 SNKPHbucl
|9 1083386
|
| 650 |
0 |
7 |
|a športové zbrane
|2 LMAOSK
|9 1092746
|
| 650 |
0 |
7 |
|a športová streľba
|2 SNKPH
|9 29098
|
| 655 |
|
7 |
|a články
|2 SNKPH
|9 70601
|
| 700 |
1 |
|
|a Jansa, Martin
|4 pht
|9 1087445
|
| 773 |
0 |
|
|t Zbraně & náboje
|g Roč. XV, č. 9 (2013), s. [18]-21
|x 1212-5210
|
| 852 |
|
|
|a LMAOSK
|b KIS3GCP
|
| 856 |
4 |
1 |
|u http://zbrane-naboje.rf-hobby.cz/
|
| 958 |
|
|
|a NB
|
| 999 |
|
|
|c 3192621
|d 3194551
|